Science, technology and society in contemporary Japan /

Bibliografiset tiedot
Päätekijä: Low, Morris
Muut tekijät: Nakayama, Shigeru, 1928-, Yoshioka, Hitoshi, 1953-
Aineistotyyppi: Kirja
Kieli:English
Julkaistu: New York : Cambridge University Press, 1999.
Sarja:Contemporary Japanese society
Aiheet:
Classic Catalogue: View this record in Classic Catalogue
LEADER 01948nam a2200433 a 4500
001 45743
003 BD-DhAAL
005 20260512153535.0
008 260512t1999 nyuab b 001 0 eng
010 |a  99035364  
020 |a 9780521654258 
020 |a 0521652820 
020 |a 0521654254 
020 |a 9780521652827 
035 |a 1686592 
040 |a DLC  |c DLC  |d DLC  |d BD-DhAAL 
042 |a pcc 
043 |a a-ja--- 
050 0 0 |a Q175.52.J3  |b L68 1999 
082 0 0 |a 303.4830952  |2 21 
100 1 |a Low, Morris.  |9 60681 
245 1 0 |a Science, technology and society in contemporary Japan /  |c Morris Low, Shigeru Nakayama, Hitoshi Yoshioka. 
260 |a New York :  |b Cambridge University Press,  |c 1999. 
300 |a xiii, 226 pages :  |b illustrations, map ;  |c 24 cm 
490 1 |a Contemporary Japanese society 
504 |a Includes bibliographical references and index. 
526 8 |a AAL 
541 |a Donated by Embassy of Japan in Bangladesh, Read Japan Project 2025, The Tokyo Foundation, supported by The Nippon Foundation.  |e 45743 
650 0 |a Science  |x Social aspects  |z Japan.  |9 60682 
650 0 |a Science and state  |z Japan.  |9 60683 
650 0 |a Technology and state  |z Japan.  |9 60684 
650 0 |a Technology  |x Social aspects  |z Japan.  |9 60685 
700 1 |a Nakayama, Shigeru,  |d 1928-  |9 60686 
700 1 |a Yoshioka, Hitoshi,  |d 1953-  |9 60687 
830 0 |a Contemporary Japanese society  |9 60547 
852 1 |a Ayesha Abed Library  |c General Stacks 
942 |2 ddc  |c BK 
999 |c 47934  |d 47934 
952 |0 0  |1 0  |2 ddc  |4 0  |6 303_483095200000000_LOW  |7 0  |9 79191  |a BRACUL  |b BRACUL  |d 2026-05-12  |e Donated by Embassy of Japan in Bangladesh, Read Japan Project 2025, The Tokyo Foundation, supported by The Nippon Foundation.  |l 0  |o 303.4830952 LOW  |p 3010045743  |r 2026-05-12  |t 1  |w 2026-05-12  |y BK  |x Donated copy received from Embassy of Japan in Bangladesh, Read Japan Project 2025, The Tokyo Foundation, supported by The Nippon Foundation on 08 April 2026; $36.99